Envirocentrum, Žilina

Na minha lista:
Detalhes bibliográficos
Autor principal: Dancziová, Dominika (Author)
Outros Autores: Selcová, Ľubica (Thesis advisor)
Formato: Manuscrito Livro
Idioma:eslovaco
Publicado em: 2024
Assuntos:
Acesso em linha:http://is.stuba.sk/zp/portal_zp.pl?podrobnosti=178809
Tags: Adicionar Tag
Sem tags, seja o primeiro a adicionar uma tag!

MARC

LEADER 00000ntm a22000003a 4500
001 stuzp99291
003 SK-STU
005 20240608212959.3
007 ta
008 150427s2015----xo-----f-mn---000-0-slo-d
040 |a STU  |b slo 
041 0 |a slo 
100 1 |a Dancziová, Dominika  |u 051110  |4 aut  |U FAD Fakulta architektúry a dizajnu  |T FAD Ústav architektúry obytných budov  |X 99357  |U A1110  |Y 392  |7 99357 
242 0 1 |a EnviroCenter, Žilina  |y eng 
245 1 0 |a Envirocentrum, Žilina 
260 |c 2024 
650 4 |a envirocentrum  |2 slo 
650 4 |a vzdelávanie  |2 slo 
650 4 |a ekologické princípy  |2 slo 
650 4 |a envirocenter  |2 eng 
650 4 |a education  |2 eng 
650 4 |a ecological principles  |2 eng 
700 1 |a Selcová, Ľubica  |u 051110  |k Z1  |4 ths  |U FAD Fakulta architektúry a dizajnu  |T FAD Ústav architektúry obytných budov  |X 4198  |U A1110  |Y 392  |7 A000004198 
856 4 |u http://is.stuba.sk/zp/portal_zp.pl?podrobnosti=178809